Responses for Show #2131 - Monday, December 6, 1993

Contestants

[<< previous game]

Adam Kasanof, a police lieutenant from New York City, New York

John Barlow, a marketing manager from San Diego, California

Carole Lord, a systems consultant from Ocean, New Jersey (whose 1-day cash winnings total $10,000)

[next game >>]

Jeopardy! Round responses

GASES
MUSICAL THEATRE
AWARDS
THE CONTINENTS
UNDERWATER
ITALIAN WORDS & PHRASES
    $100 2
chlorine

Carole
    $100 12
"A Happy Tune"

Carole
    $100 25
the Nobel Prize

Adam
    $100 7
Antarctica

John
    $100 3
the Caribbean

Adam
    $100 1
I'm Canadian

Adam
    $200 4
nitrous oxide

Adam
    $200 13
Fiddler on the Roof

John
    $200 26
(John: Who is Williams?)
...
(Alex: Yes, his predecessor.)

Arthur Fiedler

JohnAdam
    $200 8
Asia

Carole
    $200 14
Jacques Cousteau

Adam
    $200 15
(John: What is zero?)

8

CaroleJohn
    $300 17
hydrogen

Adam
    $300 16
Carol Channing

Adam
    $300 27
the Cy Young Award

Adam
    $300 9
Europe

John
    $300 22
(Carole: What is Maryland?)

Florida

CaroleJohn
    $300 18
arriving & departing (or arrival & departure)

Carole
    $400 5
neon

Adam
    $400 21
Damn Yankees

Adam
    $400 28
Colin Powell

Carole
    $400 10
North America

John
    $400 23
Rasputin

Adam
    $400 19
a toothbrush

Carole
    $800 6
helium

Adam
    $500 29
Al Jolson

Carole
    $500 30
Garrison Keillor

Carole
    $500 11
Africa

Carole
    $500 24
Howard Hughes

Adam
    $500 20
do not touch

Carole

Scores at the first commercial break (after clue 15):

Carole John Adam
$1,100 $800 $1,800

Scores at the end of the Jeopardy! Round:

Carole John Adam
$3,400 $900 $4,300

Double Jeopardy! Round responses

U.S. HISTORY
AROUND THE WORLD
ARTISTS
LEGISLATURES
ENGLISH LITERATURE
POT LUCK
    $200 1
gold

Carole
    $200 7
the sphinx

John
    $200 2
El Greco

John
    $200 30
Iran

John
    $200 10
the Roman Empire

Adam
    $200 25
anno domini

Adam
    $400 3
the Oregon Territory

John
    $400 8
Rio de Janeiro

John
    $400 11
Picasso

Adam
    $400 29
Ireland

Adam
    $400 13
Lady Chatterley's Lover

John
    $400 26
Illinois

John
    $600 4
(Carole: What is Treasury?)

War

CaroleJohn
    $600 9
Copernicus

Carole
    $600 12
the de Medicis

Carole
    $600 24
Mongolia

Adam
    $600 18
James Joyce

Adam
    $600 27
[Adam selects the next clue before even being ruled correct.]

1

Adam
    $800 5
the Pullman strike

John
    $1,500 14
South Africa

John
    $800 16
Rembrandt

Adam
    $800 23
the Knesset

John
    $5,000 19
Elizabeth Browning

Adam
    $800 28
the human mind

Carole
    $1000 6
(Adam: What is Panama?)

Cuba

Adam
Triple Stumper
    $1000 15
Nicosia

Adam
    $1000 17
(John: Who is Kandinsky?)

(Marc) Chagall

CaroleJohn
    $1000 22
the Bundestag

John
    $1000 20
Jane Austen

Adam
    $1000 21
platelets

Triple Stumper

Scores at the end of the Double Jeopardy! Round:

Carole John Adam
$6,000 $6,800 $14,100
(lock game)

[wagering suggestions for these scores]

Final Jeopardy! Round responses

U.S. STATES
CaroleWhat is Virginia
$5,000
JohnWhat is Utah
$6,799
AdamWhat is Delaware
$1
Nevada

Final scores:

Carole John Adam
$1,000 $1 $14,099
2nd place: a trip to Huntsville, Alabama aboard Delta Airlines & U.S. Space Camp's Aviation Challenge training 3rd place: Lane Early American authentically-reproduced video cabinet + Wheel of Fortune & Jeopardy! for the 16-bit Super Nintendo Entertainment System & the Sega Genesis system New champion: $14,099

Game dynamics:

Coryat scores:

Carole John Adam
$6,000 $6,100 $9,600
16 R,
2 W
17 R
(including 1 DD),
3 W
25 R
(including 2 DDs),
1 W

Combined Coryat: $21,700

[game clues] [game scores] [suggest correction]

Game tape date: 1993-08-31
The J! Archive is created by fans, for fans. Scraping, republication, monetization, and malicious use prohibited; this site may use cookies and collect identifying information. See terms. The Jeopardy! game show and all elements thereof, including but not limited to copyright and trademark thereto, are the property of Jeopardy Productions, Inc. and are protected under law. This website is not affiliated with, sponsored by, or operated by Jeopardy Productions, Inc. Join the discussion at JBoard.tv.